00000000nam##2200000za#4500
0019.697710
003CaOODSP
00520210624235613
007cr |||||||||||
008150407|2011||||xxc|||||o    f|0| 0 eng|d
040 |aCaOODSP|beng
043 |an-cn---
0861 |aH14-113/2011E-PDF
1101 |aCanada. |bHealth Canada.
24510|aAudit of emergency preparedness : |h[electronic resource]|bfinal audit report / |c[by] Audit and Accountability Bureau.
260 |aOttawa - Ontario : |bHealth Canada |cMarch 2011.
300 |a20p.|borganization chart, table
590 |a13-11-Supp|b2013-04-26
69007|aEmergency preparedness|2gcpds
77508|tVérification des mesures d'urgence : |w(CaOODSP)9.641736
85640|ahttp://publications.gc.ca|qPDF|s95 KB|uhttps://publications.gc.ca/collections/collection_2013/sc-hc/H14-113-2011-eng.pdf